Chemistry in water reuse /

Bibliographic Details
Other Authors: Cooper, William J.
Format: Book
Language:English
Published: Ann Arbor, Mich. : Ann Arbor Science Publishers, [1981-]
Subjects:

MARC

Tag First Indicator Second Indicator Subfields
LEADER 00000cam a2200000 a 4500
001 in00000082085
005 20151008055505.0
008 810928m19819999miua b 00100 eng
010 |a  80079321  
020 |a 0250403773 
035 |a (OCoLC)07595679 
035 |9 AAJ3604AM 
039 0 |a 2  |b 3  |c 3  |d 3  |e 3 
040 |a DLC  |c DLC  |d TXA  |d UtOrBLW 
049 |a TXAM  |v 1 [1361816] 
050 0 0 |a TD429  |b .C47 
082 0 |a 628.1/6  |2 19 
245 0 0 |a Chemistry in water reuse /  |c edited by William J. Cooper. 
264 1 |a Ann Arbor, Mich. :  |b Ann Arbor Science Publishers,  |c [1981-] 
264 4 |c ©1981- 
300 |a volumes :  |b illustrations ;  |c 24 cm. 
336 |a text  |b txt  |2 rdacontent 
337 |a unmediated  |b n  |2 rdamedia 
338 |a volume  |b nc  |2 rdacarrier 
504 |a Includes bibliographies and index. 
650 0 |a Water reuse. 
650 0 |a Water  |x Purification. 
700 1 |a Cooper, William J. 
999 |a MARS 
999 f f |s 960e4e43-c382-3474-be0a-17216dd6aa51  |i 41583f80-1640-373f-868a-c399d7b5df11  |t 0 
952 f f |p ric  |a Texas A&M University  |b Rellis Campus  |c Joint Library Facility  |d Remote Storage  |t 0  |e TD429 .C47  |h Library of Congress classification  |i unmediated -- volume  |k v.1  |m A14806245215 
998 f f |a TD429 .C47  |s v.1  |t 0  |l Remote Storage